Normal view
MARC view
Entry Personal Name
001 - CONTROL NUMBER
- control field: 12320
003 - CONTROL NUMBER IDENTIFIER
- control field: OSt
005 - DATE AND TIME OF LATEST TRANSACTION
- control field: 20171214185144.0
008 - FIXED-LENGTH DATA ELEMENTS
- fixed length control field: 171214|| aca||aabn | a|a d
040 ## - CATALOGING SOURCE
- Original cataloging agency: OSt
- Transcribing agency: OSt
100 ## - HEADING--PERSONAL NAME
- Personal name: Venkata, K. Reddy
670 ## - SOURCE DATA FOUND
- Source citation: Work cat.: (OSt): Venkata, K. Reddy, Textbook of Engineering Drawing with AutCAD
